Normal view MARC view
  • Construction Engineering Management - MS Theses.

Entry Topical Term

Number of records used in: 4

001 - CONTROL NUMBER

  • control field: 30389

003 - CONTROL NUMBER IDENTIFIER

  • control field: NUST

005 - DATE AND TIME OF LATEST TRANSACTION

  • control field: 20200921135659.0

008 - FIXED-LENGTH DATA ELEMENTS

  • fixed length control field: 200921|| aca||aabn | a|a d

040 ## - CATALOGING SOURCE

  • Original cataloging agency: NUST
  • Transcribing agency: NUST

150 ## - HEADING--TOPICAL TERM

  • Topical term or geographic name entry element: Construction Engineering Management - MS Theses.

670 ## - SOURCE DATA FOUND

  • Source citation: Work cat.: (NUST): Rasheed, Faris 30388, Risk management for engineering-procurement-construction (EPC) Hydropower projects in Pakistan /, 2015.
© 2023 Central Library, National University of Sciences and Technology. All Rights Reserved.